Creating performing organizations : (Record no. 129105)

MARC details
000 -LEADER
fixed length control field 00835nam a22002417a 4500
005 - DATE AND TIME OF LATEST TRANSACTION
control field 20170124110051.0
010 ## - LIBRARY OF CONGRESS CONTROL NUMBER
LC control number B-119582
020 ## - INTERNATIONAL STANDARD BOOK NUMBER
Terms of availability 580.00
International Standard Book Number 9780761996514
035 ## - SYSTEM CONTROL NUMBER
System control number B-119582
037 ## - SOURCE OF ACQUISITION
Source of stock number/acquisition Cen Lib/Ret
040 ## - CATALOGING SOURCE
Original cataloging agency DPL
Language of cataloging EN
082 ## - DEWEY DECIMAL CLASSIFICATION NUMBER
Classification number 658.300954
Item number CRE
245 ## - TITLE STATEMENT
Title Creating performing organizations :
Statement of responsibility, etc edited by Biswajeet Pattanayak [and] Vipin Gupta
Remainder of title international oerspectives for indian management /
260 ## - PUBLICATION, DISTRIBUTION, ETC. (IMPRINT)
Place of publication, distribution, etc New Delhi
Name of publisher, distributor, etc Response Books
Date of publication, distribution, etc 2002
270 ## - ADDRESS
City New Delhi
Address M-32, Greater Kailash-1
Postal code 110048
300 ## - PHYSICAL DESCRIPTION
Extent 588p.
Dimensions 23cm(pbk)
500 ## - GENERAL NOTE
General note Includes index
650 ## - SUBJECT ADDED ENTRY--TOPICAL TERM
Topical term or geographic name as entry element Organizational effetiveness
Geographic subdivision India
9 (RLIN) 25426
650 ## - SUBJECT ADDED ENTRY--TOPICAL TERM
Topical term or geographic name as entry element Leadership
Geographic subdivision India
9 (RLIN) 25427
700 ## - ADDED ENTRY--PERSONAL NAME
Personal name Pattanayak, Bswajeet
9 (RLIN) 88359
700 ## - ADDED ENTRY--PERSONAL NAME
Personal name Gupta, Vipin
9 (RLIN) 25428
942 ## - ADDED ENTRY ELEMENTS (KOHA)
Source of classification or shelving scheme Dewey Decimal Classification
Koha item type English Books
Classification part 658.300954
Call number suffix CRE
Holdings
Withdrawn status Lost status Damaged status Not for loan Home library Current library Date acquired Source of acquisition Cost, normal purchase price Total Checkouts Full call number Barcode Date last seen Copy number Cost, replacement price Price effective from Koha item type
        Central Library Central Library 04/07/2015 Cen Lib/Ret 580.00   658.300954 CRE B-119582 04/07/2015 1 580.00 04/07/2015 English Books

© Delhi Public Library
Hit Counter
free hit counter